|
|
|
|
| LEADER |
00000nab a2200000 a 4500 |
| 001 |
vtls000721894 |
| 003 |
SK-MaSNL |
| 005 |
20260302200458.0 |
| 008 |
040806c2000 xo 0 slo |
| 015 |
|
|
|a SNBRB2000/05-13235
|
| 035 |
|
|
|a CLN000074061
|
| 040 |
|
|
|a SNKBUCL
|b slo
|c SNKBUCL
|e AACR2
|
| 041 |
0 |
|
|a slo
|
| 044 |
|
|
|a xo
|c SK
|
| 080 |
|
|
|a 796.966.093.1(100)
|2 UDC-MRF-SK2
|
| 245 |
0 |
0 |
|a Nad Tatrou sa zablyslo!
|b vo štvrťfinálovom vystúpení našich hokejistov: Slovensko-USA 4:1 (0:1, 3:0, 1:0)
|
| 611 |
2 |
7 |
|a Majstrovstvá sveta v ľadovom hokeji
|d (2000 :
|c Petrohrad, Rusko)
|2 snkbucl
|9 239390
|
| 650 |
0 |
7 |
|a hokej ľadový
|x Slovensko-Rusko
|2 snkbucl
|9 851614
|
| 655 |
|
7 |
|a články z novín a časopisov
|2 snkbucl
|9 267496
|
| 773 |
0 |
|
|t Šport
|g Roč. 54, č. 108 (12.5.2000), s. 4
|
| 850 |
|
|
|a Slovenská národná knižnica v Martine
|
| 852 |
|
|
|a SNK
|b KIS3GCP
|
| 999 |
|
|
|c 1456972
|d 1458902
|